Responses for Show #7537 - Tuesday, May 23, 2017

Contestants

[<< previous game]

Kelly Sullivan, an actuary from Glen Allen, Virginia

Daniel Okamura, a lecturer from Los Angeles, California

Tanya Obreiter, a cell biologist from Frederick, Maryland (whose 1-day cash winnings total $34,805)

[next game >>]

Jeopardy! Round responses

MONOGRAM MANIA
COOKING TERMS
HISTORY
TV KILLERS
KNOW THE NOSE
A LITTLE ENTITLED
    $200 26
Charles Darwin

Daniel
    $200 7
blackening

Tanya
    $200 2
Geneva

Tanya
    $200 17
24

Daniel
    $200 12
a nosebleed

Kelly
    $200 1
(Daniel: What is a home run?)

a triple

Daniel
Triple Stumper
    $400 27
Clarence Darrow

Tanya
    $400 8
caramelizing

Daniel
    $400 3
the Magna Carta

Tanya
    $1,000 18
Dexter

Daniel
    $400 13
the septum

Tanya
    $400 5
a silver spoon

Kelly
    $600 30
George Bernard Shaw

Daniel
    $600 9
cheesecloth

Daniel
    $600 4
Walter Mondale

Kelly
    $600 19
Dwight

Kelly
    $600 23
the olfactory

Kelly
    $600 6
the "Me" decade

Tanya
    $800 28
Susan B. Anthony

Daniel
    $800 10
julienne

Kelly
    $800 14
Rasputin

Tanya
    $800 20
Criminal Minds

Daniel
    $800 24
(Alex: With less than a minute to go.)

a rhinoplasty

Tanya
    $800 11
the spoiled child syndrome

Triple Stumper
    $1000 29
Oliver Wendell Holmes

Kelly
    $1000 16
(Daniel: What is pickle?)

kipper

Daniel
Triple Stumper
    $1000 15
Dien Bien Phu

Triple Stumper
    $1000 21
Jon Hamm

Kelly
    $1000 25
a philtrum

Triple Stumper
    $1000 22
the leisure class

Triple Stumper

Scores at the first commercial break (after clue 15):

Tanya Daniel Kelly
$2,600 $800 $2,000

Scores at the end of the Jeopardy! Round:

Tanya Daniel Kelly
$3,800 $3,400 $5,200

Double Jeopardy! Round responses

THE 2016 SIENA INTERNATIONAL PHOTO AWARDS
CATHOLIC GEOGRAPHY
BRITISH POETS LAUREATE
PREFIXES
CREATURES IN MYTHOLOGY
A "LITTLE" IN TITLE
    $400 18
tea

Kelly
    $400 5
(Alex: You're looking at from the opposite view of what is most common.)

St. Peter's

Kelly
    $400 4
(Kelly: Who is Solomon?)

King David

TanyaKelly
    $400 20
mega

Daniel
    $400 11
the phoenix

Tanya
    $400 1
The Little Prince

Daniel
    $800 24
sardines

Kelly
    $1,000 6
(Alex: Kelly?)
(Kelly: Uh, what is... Calgary?)

Maryland

Kelly
    $800 10
Cecil Day-Lewis

Triple Stumper
    $800 21
counter

Daniel
    $800 12
swans

Tanya
    $800 2
"Crazy Little Thing Called Love"

Daniel
    $1200 25
(Alex: With less than a minute to go.)

Sicily

Tanya
    $1200 7
Malta

Tanya
    $1200 19
Ted Hughes

Triple Stumper
    $1200 22
em

Tanya
    $1200 13
(Kelly: What is an alpaca?)

a llama

DanielKelly
    $1200 3
My Little Pony

Tanya
    $1600 26
greenhouses

Daniel
    $1600 8
Wisconsin

Triple Stumper
    $1600 28
[The end-of-round signal sounds.]

Lord Tennyson

Kelly
    $1600 23
(Alex: Greek word for "universe" is "cosmos.")

cosmo

Triple Stumper
    $1600 15
mead

Kelly
    $1600 14
A Little Night Music

Tanya
    $2000 9
Lourdes

Tanya
    $4,000 27
Sino

Daniel
    $2000 16
Chiron

Triple Stumper
    $2000 17
Little Children

Tanya

Scores at the end of the Double Jeopardy! Round:

Tanya Daniel Kelly
$15,800 $12,600 $7,400

[wagering suggestions for these scores]

Final Jeopardy! Round responses

CLASSIC ROCK SONGS
KellyWhat is ?
$0
DanielWhat is Keep On Rocking?
$12,599
TanyaWhat is Don't Stop Believing?
$12,605
"Don't Stop Believin'"

Final scores:

Tanya Daniel Kelly
$28,405 $1 $7,400
2-day champion: $63,210 3rd place: $1,000 2nd place: $2,000

Game dynamics:

Coryat scores:

Tanya Daniel Kelly
$15,800 $10,000 $8,400
18 R,
0 W
15 R
(including 2 DDs),
2 W
13 R,
3 W
(including 1 DD)

Combined Coryat: $34,200

[game clues] [game scores] [suggest correction]

Game tape date: 2017-02-21
The J! Archive is created by fans, for fans. Scraping, republication, monetization, and malicious use prohibited; this site may use cookies and collect identifying information. See terms. The Jeopardy! game show and all elements thereof, including but not limited to copyright and trademark thereto, are the property of Jeopardy Productions, Inc. and are protected under law. This website is not affiliated with, sponsored by, or operated by Jeopardy Productions, Inc. Join the discussion at JBoard.tv.